| 000 | 00567nam a2200241 a 4500 | ||
|---|---|---|---|
| 001 | nice12345678 | ||
| 003 | IN_TiNIC | ||
| 005 | 20260116011655.0 | ||
| 008 | 050524s1911 lona grp 000 0 eng | ||
| 020 |
_a _c100 |
||
| 082 | 0 | 0 |
_a239 _bWHE2 |
| 100 | _aWherry, E M | ||
| 245 | _aMohammadan Cotroversy | ||
| 260 |
_aLondon _bChristian Literature Society _c1911 |
||
| 300 | _a36p | ||
| 500 | _aincludes index and biblioraphy | ||
| 505 | 2 | _aresereved | |
| 650 | _aApologetics | ||
| 700 | 1 | _aWherry, E M | |
| 902 | _bSRS | ||
| 942 | _cBK | ||
| 999 |
_c3319 _d3319 |
||